LEADER 01186nam a2200277 i 4500 001 000000131569 003 CaOOAMICUS 005 20250530155100.0 008 041120s1964 it u000 u ita u 040 $aSeMil$bita 100 1 $aCarducci, Giosuè,$d<1835-1907>.$0(OLS)http://semarc/name/620 245 00$aGiosuè Carducci :$bpremio Nobel per la letteratura 1906. 246 08$aPoesie e prose 264 1$aMilano :$bFratelli Fabbri Editori,$c1964. 300 $a437 p. ;$c23 cm. 490 1 $aI premi Nobel per la letteratura ;$v8. 500 $aContiene : Poesie e prose 600 14$aCarducci, Giosuè <1835-1907>.$0(OLS)http://semarc/subject/4815 830 2$aI premi Nobel per la letteratura ;$v8.$0(OLS)http://semarc/title/407024 850 $aSeMil 852 $aSeMil$W1$xVenegono$y1$m1B V 283$j257674$B85546$CSeMilBibl$Z2$F89272 $81 961 $aRecupero: Seminario di Seveso 996 $6245$aGiosuè Carducci :$bpremio Nobel per la letteratura 1906$9(OLS)http://semarc/title/454062 996 $6246$aPoesie e prose$9(OLS)http://semarc/title/454061 996 $6264$aMilano :$bFratelli Fabbri Editori$9(OLS)http://semarc/publisher/29845 LEADER 01273nam a2200289 i 4500 001 000000195625 003 CaOOAMICUS 005 20110304000000.0 008 110304s2010 it u000 u fre u 013 $a174303 020 $a978-2-296-13186-6 040 $aSeMil$bita 100 1 $aNiciteretse, Lambert.$0(OLS)http://semarc/name/70979 245 10$aCharge pastorale du curé et coresponsabilité dans l'Église du Burundi /$cLambert Niciteretse ; préface de Giacomo Incitti. 260 $aParis :$bL'Harmattan,$c2010. 300 $a409 p. ;$c24 cm. 490 0 $aÉtudes africaines 500 $aIn preliminari : dedica autografa dell'Autore. 650 4$aBurundi - Chiesa.$0(OLS)http://semarc/subject/36753 700 1 $aIncitti, Giacomo.$0(OLS)http://semarc/name/57659 830 0$aÉtudes africaines.$0(OLS)http://semarc/title/32919 850 $aSeMil 852 $aSeMil$W1$xVenegono$y1$m3E IV 170$j146194$B146194$CSeMilBibl$Z2$F166795 $81 961 $aOmaggio: Coronelli don Renato 996 $6020$a978-2-296-13186-6$9(OLS)http://semarc/number/187381 996 $6245$aCharge pastorale du curé et coresponsabilité dans l'Église du Burundi$9(OLS)http://semarc/title/282303 996 $6260$aParis :$bL'Harmattan$9(OLS)http://semarc/publisher/31939